Statistics for Wards of Monaco Map Quiz

Click here to take the quiz!

General Stats

  • This quiz has been taken 223 times
  • The average score is 3 of 10

Answers on the Map

Answers color-coded by a green-red scale on the quiz's map according to % correct below.
 

Answer Stats

Answer% Correct
Monte Carlo
58%
Monaco-Ville
51%
Fontvieille
39%
Larvotto
31%
Les Moneghetti
28%
Saint Michel
26%
La Condamine
24%
La Rousse
24%
Les Révoires
23%
La Colle
20%

Score Distribution

Percentile by Number Answered

Percent of People with Each Score

Your Score History

You have not taken this quiz